| 000 | 00352nam a22001337a 4500 | ||
|---|---|---|---|
| 008 | 230608b xxu||||| |||| 00| 0 eng d | ||
| 082 |
_a916 _bBRO |
||
| 100 | _cRobert Brown | ||
| 245 | _aThe Story of Africa and its Explorers | ||
| 260 |
_aLondon,Paris & Melbourne _bCassell & Company , Limited _c1893 |
||
| 300 | _a312p | ||
| 440 | _vII | ||
| 942 |
_2ddc _cBK |
||
| 999 |
_c841 _d841 |
||